000
00294nam a22001337a 4500
008
180131b xxu||||| |||| 00| 0 eng d
020
_a
9780140192063
041
_a
eng
080
_a
82
100
_a
21
101
_a
GJL
245
_a
An anthology of i ching
_c
Sherrill,W.A
942
_2
udc
_c
BK
999
_c
41327
_d
41327